000 00947nas a2200277 4500
001 BR2013008433
003 BR-BrBNA
005 20231205123203.0
007 ta
008 230509b bl.|||p| |||| 00| 00por d
040 _aBR-BrBNA
_bpor
_cBiblioteca Nacional de Agricultura
041 _a(Pt)
072 _aL73
100 1 _aSilva, A.F. da
100 1 _aBrandão, F.Z.
100 1 _aFerreira, A.M.R.
245 1 _aAnatomo-histopatologia, imuno-histoquímica e análises clínicas de ovinos infectados naturalmente por Taxoplasma gondii e Neospora caninum no estado do Rio de Janeiro
650 _aOVINO
650 _aDIAGNÓSTICO
650 _aNEOSPOROSE
650 _aDOENÇA ANIMAL
650 _aTOXOPLASMOSE
773 0 _tArquivos de Ciências Veterinárias e Zoologia da Unipar (Brazil)
_xISSN 1415-8167
_g(Jul-Dec 2012), v. 15(2) p. 175-176
_wBR2013008433
909 _a202311
_bLúcia
_c55
_dLúcia Elande
942 _2AGRIS
_n0
_cANA
999 _c232591
_d232591